00854cam a2200289 n 450000100060000001000150000600500170002102100180003809000100005610000410006630400590010710600060016610500180017210200070019010100130019767500280021067500190023870200290025770000320028620500120031820000720033021500230040221000290042522500220045499000110047699500770048725848 a972232533720220405165117.0 aPTb157366/00 a25848 a20031119d2000 m y0pory5003 ba aTít. orig.: Harry Potter and the philosopher's stone ar ay z 001ay aPT1 aporceng a821.111-31"19"vBNzpor a087.5vBNzpor 1aFragabIsabel473094005 1aRowlingbJ. K.f1965-93591 a19ª ed1 aHarry Potter e a pedra filosofalfJ. K. Rowlinggtrad. Isabel Fraga a255, [1] p.d21 cm aLisboacPresençad20022 aEstrela do marv9 cLIVROS 0010935468bEBSISdEBSISf674EVk087.5 ROWo0rLIVROSaEBSIScEBSISq18